000
00316nam a2200145Ia 4500
100
_a
Bishop/Matt
942
_c
BK
654
_a
computer security
245
_a
Computer Security: Art and Science
260
_b
Pearson Education
_c
2003
082
_a
5.8
_b
BIS
300
_a
1084
546
_a
ENGLISH
999
_c
28946
_d
28946